[Event "Lisbon Portugal rapid op"]
[Site "Lisbon"]
[Date "2017.02.11"]
[Round "3"]
[White "Damaso, Rui"]
[Black "Ferreira, Victor Manuel"]
[Result "1-0"]
[WhiteElo "2434"]
[BlackElo "1960"]
[PlyCount "63"]
[EventDate "2017.02.11"]
[EventType "swiss (rapid)"]
[EventRounds "8"]
[EventCountry "POR"]
[SourceTitle "CBM 176 Extra"]
[Source "ChessBase"]
[SourceDate "2017.03.02"]
[SourceVersion "1"]
[SourceVersionDate "2017.03.02"]
[SourceQuality "1"]

1. Nf3 g6 2. e4 Bg7 3. d4 e6 4. Nc3 c6 5. Be2 d5 6. 0-0 Ne7 7. Bf4 0-0 8. Qc1 dxe4 9. Nxe4 Nf5 10. Rd1 Qb6 11. c3 Nd7 12. h3 Nf6 13. Nxf6+ Bxf6 14. Be5 Bg7 15. Bxg7 Nxg7 16. Ne5 Qc7 17. Ng4 Nf5 18. Qg5 Qe7 19. Qf4 Qd6 20. Qe5 Qxe5 21. dxe5 Ne7 22. c4 b6 23. Bf3 Ba6 24. Rd7 Nf5 25. b3 Rfd8 26. Rad1 Rxd7 27. Rxd7 h5 28. Nf6+ Kg7 29. Bxc6 Rh8 30. Rxa7 Nd4 31. Be8 Rf8 32. Rxa6 1-0

[Event "Lisbon Portugal rapid op"]
[Site "Lisbon"]
[Date "2017.02.11"]
[Round "4"]
[White "Ferreira, Victor Manuel"]
[Black "Rebelo, Pracas Antonio Fern"]
[Result "1-0"]
[WhiteElo "1960"]
[BlackElo "1636"]
[PlyCount "67"]
[EventDate "2017.02.11"]
[EventType "swiss (rapid)"]
[EventRounds "8"]
[EventCountry "POR"]
[SourceTitle "CBM 176 Extra"]
[Source "ChessBase"]
[SourceDate "2017.03.02"]
[SourceVersion "1"]
[SourceVersionDate "2017.03.02"]
[SourceQuality "1"]

1. e4 d5 2. exd5 Nf6 3. d4 Qxd5 4. Nf3 Bg4 5. Be2 c6 6. Nc3 Qa5 7. Bd2 Nbd7 8. 0-0 Qc7 9. h3 h5 10. Qe1 e6 11. Bg5 Bd6 12. Rd1 Bxf3 13. Bxf3 Ng4 14. Qe2 Bh2+ 15. Kh1 Bg1 16. g3 Nxf2+ 17. Rxf2 Bxf2 18. Qxf2 Nf6 19. Kg2 0-0-0 20. Ne4 Nxe4 21. Bxe4 f6 22. Be3 Qf7 23. c3 Rdf8 24. Rf1 h4 25. g4 g6 26. Bc2 Qg7 27. Bb3 Qe7 28. Qe2 g5 29. Bf2 f5 30. Qxe6+ Qxe6 31. Bxe6+ Kc7 32. Bxf5 Re8 33. Re1 Kd6 34. Kf1 1-0

[Event "Lisbon Portugal rapid op"]
[Site "Lisbon"]
[Date "2017.02.11"]
[Round "5"]
[White "Rego, Pedro Filipe"]
[Black "Ferreira, Victor Manuel"]
[Result "1-0"]
[WhiteElo "2232"]
[BlackElo "1960"]
[PlyCount "145"]
[EventDate "2017.02.11"]
[EventType "swiss (rapid)"]
[EventRounds "8"]
[EventCountry "POR"]
[SourceTitle "CBM 176 Extra"]
[Source "ChessBase"]
[SourceDate "2017.03.02"]
[SourceVersion "1"]
[SourceVersionDate "2017.03.02"]
[SourceQuality "1"]

1. Nf3 g6 2. g3 Bg7 3. Bg2 Nf6 4. 0-0 0-0 5. c4 e6 6. d4 d5 7. Nbd2 Bd7 8. b3 Nc6 9. Bb2 Re8 10. Ne5 Nxe5 11. dxe5 Ng4 12. cxd5 exd5 13. Bxd5 c6 14. Bg2 Nxe5 15. Qc2 Qa5 16. Rad1 Bf5 17. e4 Bg4 18. f3 Be6 19. Kh1 Rad8 20. a3 Bh6 21. b4 Qc7 22. Nb3 Bxb3 23. Qxb3 Rxd1 24. Rxd1 g5 25. Bh3 Bg7 26. f4 gxf4 27. gxf4 Ng6 28. e5 Rd8 29. Rf1 Qe7 30. e6 fxe6 31. Qxe6+ Qxe6 32. Bxe6+ Kf8 33. Bxg7+ Kxg7 34. f5 Kf6 35. fxg6+ Kxe6 36. gxh7 Rh8 37. Re1+ Kd6 38. Rd1+ Ke6 39. Kg2 Rxh7 40. Rd8 Rc7 41. Ra8 a6 42. Rb8 Kd5 43. h4 Kc4 44. Rg8 c5 45. bxc5 Rxc5 46. Rg4+ Kd3 47. Kg3 Ke3 48. Rg5 Rc1 49. Kg4 Kd3 50. h5 Rg1+ 51. Kf5 Rh1 52. Rg3+ Kc4 53. Kg5 b5 54. h6 a5 55. Rg4+ Kb3 56. Rh4 Rg1+ 57. Kf6 Rg8 58. Rh3+ Kc4 59. h7 Ra8 60. Rh4+ Kc3 61. Rh5 Kc4 62. h8Q Rxh8 63. Rxh8 b4 64. a4 b3 65. Rb8 Kc3 66. Ke5 b2 67. Kd5 Kc2 68. Kc4 Kc1 69. Rxb2 Kxb2 70. Kb5 Kc3 71. Kxa5 Kd4 72. Kb6 Kd5 73. a5 1-0

[Event "Lisbon Portugal rapid op"]
[Site "Lisbon"]
[Date "2017.02.11"]
[Round "8"]
[White "Santos, Jose Guilherme B Li"]
[Black "Ferreira, Victor Manuel"]
[Result "1-0"]
[WhiteElo "1868"]
[BlackElo "1960"]
[PlyCount "63"]
[EventDate "2017.02.11"]
[EventType "swiss (rapid)"]
[EventRounds "8"]
[EventCountry "POR"]
[SourceTitle "CBM 176 Extra"]
[Source "ChessBase"]
[SourceDate "2017.03.02"]
[SourceVersion "1"]
[SourceVersionDate "2017.03.02"]
[SourceQuality "1"]

1. e4 e6 2. d3 d5 3. Nd2 Nf6 4. g3 dxe4 5. dxe4 Bc5 6. Bg2 0-0 7. Ngf3 Nc6 8. 0-0 e5 9. c3 Qe7 10. Qc2 Be6 11. Ng5 Bg4 12. Re1 h6 13. Ngf3 a5 14. Nf1 Bh5 15. Be3 Bg6 16. N1d2 Ng4 17. Bxc5 Qxc5 18. Nb3 Qb6 19. Bh3 f5 20. Nh4 Bh7 21. exf5 Nf6 22. Nd2 Rae8 23. Bg2 Nd8 24. Qb3+ Qxb3 25. Nxb3 a4 26. Nc5 b5 27. Nd3 Nf7 28. Ng6 Bxg6 29. fxg6 Nh8 30. Nxe5 Re7 31. Bc6 Ne8 32. Bd5+ 1-0

[Event "POR-chT"]
[Site "Porto"]
[Date "2016.08.16"]
[Round "4.12"]
[White "Starostits, Ilmars"]
[Black "Ferreira, Victor Manuel"]
[Result "1-0"]
[WhiteElo "2444"]
[BlackElo "2005"]
[PlyCount "97"]
[EventDate "2016.08.14"]
[EventType "team-tourn"]
[EventRounds "9"]
[EventCountry "POR"]
[SourceTitle "CBM 173 Extra"]
[Source "ChessBase"]
[SourceDate "2016.08.29"]
[SourceVersion "1"]
[SourceVersionDate "2016.08.29"]
[SourceQuality "1"]
[WhiteTeam "Dias Ferreira"]
[BlackTeam "Casa do Xadrez"]
[WhiteTeamCountry "POR"]
[BlackTeamCountry "POR"]

1. e4 e6 2. d4 d5 3. Nc3 Bb4 4. exd5 exd5 5. Bd3 Nf6 6. a3 Bd6 7. Bg5 c6 8. Nge2 h6 9. Bh4 Be6 10. Qd2 Nbd7 11. Bg3 Qc7 12. Nf4 0-0-0 13. 0-0 g5 14. Nxe6 fxe6 15. b4 e5 16. Bf5 e4 17. b5 Bxg3 18. fxg3 Kb8 19. a4 Rhf8 20. a5 Qd6 21. Rfb1 c5 22. Ne2 Rde8 23. Qe3 cxd4 24. Nxd4 Ne5 25. a6 b6 26. Qa3 Kc7 27. Rf1 Nc4 28. Qc3 Nd7 29. Bxd7 Kxd7 30. Nc6 Rxf1+ 31. Rxf1 Qc5+ 32. Kh1 d4 33. Nxd4 Ne5 34. Qxc5 bxc5 35. Nb3 e3 36. Nxc5+ Kd6 37. Ne4+ Kc7 38. Kg1 Kb6 39. Re1 Nc4 40. Nf6 Re6 41. Nd5+ Kc5 42. Nc3 Kb4 43. Ne2 Nd2 44. h4 Rd6 45. c3+ Kc4 46. Nd4 Kd3 47. Rxe3+ Kxe3 48. Nf5+ Kd3 49. Nxd6 1-0

[Event "EU-ch Seniors 50 14th"]
[Site "Porto"]
[Date "2014.03.15"]
[Round "7"]
[White "Ferreira, Victor Manuel"]
[Black "Puroila, Sippo"]
[Result "1-0"]
[WhiteElo "2050"]
[BlackElo "1820"]
[PlyCount "43"]
[EventDate "2014.03.09"]
[EventType "swiss"]
[EventRounds "9"]
[EventCountry "POR"]
[SourceTitle "CBM 159 Extra"]
[Source "ChessBase"]
[SourceDate "2014.04.24"]
[SourceVersion "1"]
[SourceVersionDate "2014.04.24"]
[SourceQuality "1"]

1. e4 c5 2. Nf3 Nc6 3. d4 cxd4 4. c3 d3 5. c4 d6 6. Bxd3 g6 7. h3 Bg7 8. Nc3 Nf6 9. Bd2 h6 10. Rc1 Bd7 11. 0-0 0-0 12. b3 Qc8 13. Kh2 Nh5 14. Nd5 f5 15. Nh4 Be8 16. exf5 gxf5 17. b4 Qd7 18. b5 Nd4 19. Bc3 e5 20. Bxd4 exd4 21. Nxf5 Rxf5 22. Bxf5 1-0

[Event "EU-ch Seniors 50 14th"]
[Site "Porto"]
[Date "2014.03.13"]
[Round "5"]
[White "Ferreira, Victor Manuel"]
[Black "McKerracher, Douglas"]
[Result "0-1"]
[WhiteElo "2050"]
[BlackElo "1988"]
[PlyCount "92"]
[EventDate "2014.03.09"]
[EventType "swiss"]
[EventRounds "9"]
[EventCountry "POR"]
[SourceTitle "CBM 159 Extra"]
[Source "ChessBase"]
[SourceDate "2014.04.24"]
[SourceVersion "1"]
[SourceVersionDate "2014.04.24"]
[SourceQuality "1"]

1. e4 d5 2. exd5 Qxd5 3. Nc3 Qa5 4. d3 Nf6 5. Bd2 c6 6. Be2 Qc7 7. Nf3 Bf5 8. h3 Nbd7 9. Nh4 Bg6 10. Nxg6 hxg6 11. Be3 e6 12. a3 Be7 13. Qd2 b5 14. Bf3 Rd8 15. b4 Nb6 16. Qe2 Nfd5 17. Nxd5 cxd5 18. Bd4 Bf6 19. Bxf6 gxf6 20. 0-0 0-0 21. Qd2 Kg7 22. Rfe1 Rc8 23. Ra2 Rfd8 24. Bg4 Rd6 25. f4 f5 26. Bd1 Rc6 27. Qf2 Na4 28. c4 dxc4 29. Bxa4 bxa4 30. dxc4 Rxc4 31. Re5 Rd8 32. Rae2 Rdd4 33. g3 Rd3 34. R2e3 Rc1+ 35. Re1 Qc3 36. Rxc1 Qxc1+ 37. Re1 Qxa3 38. Kg2 Qxb4 39. Re2 Qb3 40. Rb2 Qd5+ 41. Kh2 a3 42. Ra2 Qb3 43. h4 Rxg3 44. Qd4+ Kh7 45. Rg2 Rxg2+ 46. Kxg2 Qb2+ 0-1

[Event "EU-ch Seniors 50 14th"]
[Site "Porto"]
[Date "2014.03.09"]
[Round "1"]
[White "Ferreira, Victor Manuel"]
[Black "Kalegin, Evgenij"]
[Result "0-1"]
[WhiteElo "2050"]
[BlackElo "2453"]
[PlyCount "98"]
[EventDate "2014.03.09"]
[EventType "swiss"]
[EventRounds "9"]
[EventCountry "POR"]
[SourceTitle "CBM 159 Extra"]
[Source "ChessBase"]
[SourceDate "2014.04.24"]
[SourceVersion "1"]
[SourceVersionDate "2014.04.24"]
[SourceQuality "1"]

1. e4 c5 2. d4 cxd4 3. c3 Nf6 4. e5 Nd5 5. cxd4 d6 6. Bc4 e6 7. Nf3 Nc6 8. 0-0 Be7 9. Nc3 Nxc3 10. bxc3 dxe5 11. Nxe5 Nxe5 12. dxe5 Qxd1 13. Rxd1 Bd7 14. Be3 Rc8 15. Be2 Bc5 16. Bd4 Ke7 17. Bf3 b6 18. a4 Rhd8 19. a5 b5 20. Rab1 Rc7 21. a6 Bxd4 22. cxd4 Rb8 23. Bb7 Rc4 24. d5 exd5 25. Bxd5 Rc5 26. f4 Bc6 27. Bxc6 Rxc6 28. Ra1 b4 29. Rd2 b3 30. Rb2 Rc2 31. Rab1 Rxb2 32. Rxb2 Ke6 33. Kf2 Kd5 34. Ke3 Kc4 35. Kd2 Rb6 36. Kc1 Rxa6 37. Kb1 g6 38. Re2 Ra2 39. Re4+ Kc3 40. Re3+ Kb4 41. e6 fxe6 42. Rxe6 a5 43. g4 Rxh2 44. f5 gxf5 45. gxf5 a4 46. Re4+ Ka3 47. Re1 Rf2 48. Rh1 h5 49. Kc1 Ka2 0-1

[Event "POR-ch Seniors"]
[Site "Torres Vedras"]
[Date "2014.01.15"]
[Round "5"]
[White "Bray, Jose Manuel"]
[Black "Ferreira, Victor Manuel"]
[Result "0-1"]
[WhiteElo "1899"]
[BlackElo "2040"]
[PlyCount "128"]
[EventDate "2014.01.12"]
[EventType "swiss"]
[EventRounds "7"]
[EventCountry "POR"]
[SourceTitle "EXT 2015"]
[Source "ChessBase"]
[SourceDate "2014.11.20"]
[SourceVersion "1"]
[SourceVersionDate "2014.11.20"]
[SourceQuality "1"]

1. e4 e6 2. d4 d5 3. Nd2 Nf6 4. e5 Nfd7 5. Bd3 c5 6. c3 Nc6 7. Ndf3 Qb6 8. Ne2 cxd4 9. cxd4 Bb4+ 10. Kf1 Be7 11. g3 f5 12. a3 Qd8 13. h4 Nb6 14. Bg5 Bd7 15. Rc1 Rc8 16. b4 a6 17. Kg2 Na7 18. Rc5 Nc4 19. Qc1 b5 20. Bxe7 Qxe7 21. Rxc8+ Nxc8 22. Nd2 N8b6 23. Nb3 Na4 24. Nc5 Nxc5 25. bxc5 0-0 26. Nf4 Rc8 27. Qc3 Bc6 28. Rc1 Rf8 29. Kg1 Be8 30. Be2 h6 31. h5 Bf7 32. Ra1 Rb8 33. Rb1 Qe8 34. Kh2 Qc8 35. Kg1 Qe8 36. Rb3 Qd8 37. Qc1 Qa5 38. Qc3 Kf8 39. Bxc4 Qxc3 40. Rxc3 bxc4 41. Rc1 Ke7 42. Kf1 Kd7 43. Ke1 Rb3 44. Ra1 Kc6 45. Kd2 Rb2+ 46. Ke3 Kb5 47. Rg1 Rb3+ 48. Ke2 Rb2+ 49. Ke3 c3 50. Nd3 Rb3 51. a4+ Kc4 52. Nc1 Rb1 53. Rh1 Bxh5 54. Rxh5 Rxc1 55. c6 Re1+ 56. Kf3 Kd3 57. c7 c2 58. c8Q c1Q 59. Qxa6+ Qc4 60. Qxc4+ dxc4 61. d5 exd5 62. Rxf5 c3 63. e6 c2 64. Rxd5+ Kc4 0-1

[Event "POR-ch Seniors"]
[Site "Fatima"]
[Date "2013.03.25"]
[Round "3.1"]
[White "Bray, Jose Manuel"]
[Black "Ferreira, Victor Manuel"]
[Result "0-1"]
[WhiteElo "1923"]
[BlackElo "2019"]
[PlyCount "66"]
[EventDate "2013.03.23"]
[EventType "swiss"]
[EventRounds "7"]
[EventCountry "POR"]
[SourceTitle "EXT 2015"]
[Source "ChessBase"]
[SourceDate "2014.11.20"]
[SourceVersion "1"]
[SourceVersionDate "2014.11.20"]
[SourceQuality "1"]

1. e4 e6 2. d4 g6 3. Nf3 Bg7 4. Bg5 f6 5. Be3 Ne7 6. Qd2 0-0 7. g4 d5 8. e5 fxe5 9. Nxe5 Nbc6 10. f4 Nxe5 11. dxe5 b6 12. h4 c5 13. Bg2 Rb8 14. h5 d4 15. Bf2 Nd5 16. hxg6 hxg6 17. Bg3 Ne3 18. Be4 Bb7 19. Bxg6 Bxh1 20. Qh2 Rxf4 21. Bxf4 Qh4+ 22. Qxh4 Ng2+ 23. Kf2 Nxh4 24. Bd3 Bd5 25. Nd2 Ng2 26. Bh2 Rf8+ 27. Kg1 Ne3 28. b3 Nxg4 29. Ne4 Bh6 30. Nf6+ Nxf6 31. exf6 Be3+ 32. Kf1 Rxf6+ 33. Ke1 Rh6 0-1

[Event "Internet Section 07B g/8'+2\""]
[Site "Dos Hermanas"]
[Date "2004.03.08"]
[Round "9"]
[White "Moskow, Eric"]
[Black "Ferreira, Victor Manuel"]
[Result "1-0"]
[WhiteElo "2200"]
[BlackElo "2198"]
[PlyCount "119"]
[EventDate "2004.03.07"]
[EventType "swiss (blitz)"]
[EventRounds "9"]
[EventCountry "ESP"]
[SourceTitle "CBM 099 Extra"]
[Source "ChessBase"]
[SourceDate "2004.05.04"]
[SourceVersion "1"]
[SourceVersionDate "2004.05.04"]
[SourceQuality "1"]

1. d4 Nf6 2. Nf3 d5 3. e3 g6 4. Bd3 Bg7 5. b3 0-0 6. Bb2 Bg4 7. h3 Bd7 8. 0-0 Nc6 9. a3 Qc8 10. Nbd2 Bxh3 11. gxh3 Qxh3 12. Re1 Ng4 13. Bf1 Qh5 14. Bg2 e5 15. dxe5 Ncxe5 16. Nxe5 Qh2+ 17. Kf1 Nxe5 18. Bxe5 Qxe5 19. Rb1 c6 20. Nf3 Qh5 21. Nd4 Qh2 22. Qf3 Rfe8 23. Qg3 Qh6 24. Rbd1 f5 25. f4 Bf6 26. Nxf5 Qf8 27. Nd4 Qxa3 28. f5 g5 29. Ne6 Qe7 30. Qc7 Kf7 31. Bf3 Kg8 32. Bh5 Rac8 33. Qxe7 Rxe7 34. e4 dxe4 35. Rxe4 b5 36. Nc5 Rxe4 37. Nxe4 Be5 38. f6 Rf8 39. f7+ Kg7 40. Nxg5 Kh6 41. Ne6 Bg7 42. Nxf8 Bxf8 43. Bf3 Kg7 44. Rd7 c5 45. Rxa7 Kf6 46. c4 bxc4 47. bxc4 h6 48. Bd5 Kg7 49. Ra8 h5 50. Rxf8 Kxf8 51. Kg2 Kg7 52. Kh3 Kf8 53. Kh4 Kg7 54. Kxh5 Kf8 55. Kg5 Kg7 56. Kf5 Kf8 57. Ke6 Kg7 58. Kd6 Kf8 59. Kxc5 Ke7 60. Kb6 1-0